000 00535nam a22001577a 4500
005 20251108165833.0
008 250721s1990 xx 000 0 ara d
082 1 4 _aم/615.89/اغذ
100 1 _aالخطابي، محمد العربي
_eحقق
245 1 0 _aالأغذية والأدوية عند مؤلفي الغرب الإسلامي :
_bمدخل ونصوص /
264 1 _aبيروت :
_bدار الغرب الإسلامي،
_c1990.
300 _a629ص
650 1 7 _aالطب الشعبي
942 _2ddc
_cREF
999 _c32543
_d32543